Sepetteki laleler (Record no. 10386)

MARC details
000 -BAŞLIK
Sabit Uzunlukta Kontrol Alanı 00770na a2200253 4500
001 - KONTROL NUMARASI
Denetim Alanı 23823
003 - KONTROL NUMARASI IDENTIFIER
Denetim Alanı MIRAKIL
005 - SON İŞLEM TARİHİ VE ZAMANI
Denetim Alanı 20181213155319.0
008 - SABİT-BOY VERİ ELEMANLARI - GENEL BİLGİLER
Sabit Uzunlukta Kontrol Alanı 171228b tu 000 0
040 ## - KATALOGLAMA KAYNAK
Orijinal Kataloglama Ajansı Milas
Kataloglama Dili tur
Metne Dönüştürmek Ajansı TR-AnCHP
041 ## - DİL KODU
Metin / Ses Parça Veya Ayrı Başlığın Dil Kodu tur
082 ## - DEWEY ONLU SINIFLANDIRMA NUMARASI
Sınıflandırma Numarası 320.9561
Ürün Numarası C67s 1997
090 ## - SINIFLAMA NUMARASI
Sınıflama Numarası 320.9561 C67s 1997
100 ## - ANA GİRİŞ - KİŞİSEL İSİM
Kişisel Ad Coşkun, Alev
245 ## - BAŞLIK TABLOSU
Başlık Sepetteki laleler
Başlığın Kalan Siyasi ve toplumsal yazılar
Sorumluluk Tablosu, Vb Alev Coşkun
246 ## - UNVAN FORM VARYING
Başlık Doğru / Kısa Başlığı Siyasi ve toplumsal yazılar
260 ## - YAYIN, DAĞITIM, VB
Yayın, Dağıtım, Vb Yeri İstanbul
Yayıncı, Dağıtıcı, Vs Adı Çağdaş Yayınları
Yayın, Dağıtım, Vb Tarihi 1997
Üretici Firma Yenigün Haber Ajansı
300 ## - FİZİKSEL TANIM
Kapsam 206 s.
Boyutlar 20 sm.
500 ## - GENEL NOT
Genel Not Yapıt yazarından imzalıdır.
650 ## - KONU KATMA GİRİŞ - TOPİKAL DÖNEM
Topikal Süreli Veya Coğrafi Ad Giriş Elemanı Siyasal tarih
Genel Alt Bölümü Türkiye
650 ## - KONU KATMA GİRİŞ - TOPİKAL DÖNEM
Topikal Süreli Veya Coğrafi Ad Giriş Elemanı Siyaset ve yönetim
Genel Alt Bölümü Türkiye
740 ## - KATMA GİRİŞ - KONTROLSUZ İLGİLİ / ANALİTİK BAŞLIK
Kontrol Edilmeyen / İlgili Analitik Başlıktaki Siyasi ve toplumsal yazılar
942 ## - EKLENDİ GİRİŞ ELEMANLARI (KOHA)
Sınıflandırma Veya Raf Düzeni Kaynak Dewey Decimal Classification
Koha Öğesi Türü Books
999 ## - SİSTEM KONTROL NUMARALARI (KOHA)
Koha Biblionumber 10386
Koha Biblioitemnumber 10386
Holdings
Kalıcı Konum Mevcut Konum Edinme Tarihi Edinim Kaynak Toplam Check-Out'Lar Tam Çağrı Numarası Barkod Tarih Son Görülme İtibaren Geçerli Fiyatlar Koha Öğesi Türü
CHP Kütüphanesi CHP Kütüphanesi 12/28/2017 Bağış   320.9561 C67s 1997 017800 12/28/2017 12/28/2017 Books